[Event "K41 Foraars EMT Basis 3 2007"]
[Site "Valby"]
[Date "2007.03.13"]
[Round "1"]
[White "Eiholt, Bjarne"]
[Black "Meldal, Peter"]
[Result "0-1"]
[WhiteElo "1327"]
[BlackElo "1148"]
[PlyCount "97"]
[EventDate "2007.??.??"]

1. d4 d5 2. c4 c6 3. Nc3 e6 4. cxd5 cxd5 5. Nf3 Nf6 6. Bg5 Be7 7. e3 O-O 8. Bd3
h6 9. Bh4 Nbd7 10. O-O a6 11. a4 Rb8 12. Bg3 Ra8 13. h3 Nh7 14. Qe2 Ndf6 15.
Rfc1 Bd6 16. Bxd6 Qxd6 17. Qc2 Bd7 18. Qb1 g6 19. b4 Rac8 20. b5 axb5 21. Nxb5
Rxc1+ 22. Qxc1 Bxb5 23. Bxb5 Ng5 24. Nxg5 hxg5 25. Ra2 g4 26. hxg4 Nxg4 27. g3
Kg7 28. Rc2 b6 29. Rc6 Qb8 30. Rc7 Rh8 31. Kg2 Rh2+ 32. Kf3 Nf6 33. Rc8 Qd6 34.
Bd3 e5 35. dxe5 Qxe5 36. Ke2 Qh5+ 37. Kd2 Rxf2+ 38. Kc3 Qe5+ 39. Kb3 Rf3 40.
Qh1 Qh5 41. Qg1 Qg5 42. Qh1 Qh5 43. Qg1 d4 44. Be2 Qd5+ 45. Bc4 Qe4 46. Qh2
Rxe3+ 47. Kb2 Nh7 48. Rc7 Rf3 49. Qg2 0-1

[Event "K41 Foraars EMT Basis 3 2007"]
[Site "Valby"]
[Date "2007.03.13"]
[Round "1"]
[White "Nielsen, Jorgen Kamp"]
[Black "Foss, Kim"]
[Result "1-0"]
[WhiteElo "1321"]
[BlackElo "1469"]
[PlyCount "105"]
[EventDate "2007.??.??"]

1. e4 e5 2. Nf3 d6 3. Bc4 f5 4. d4 fxe4 5. Ng5 d5 6. dxe5 c6 7. O-O Nh6 8. Bb3
Bg4 9. Qe1 Bc5 10. h3 Bh5 11. Nc3 Qe7 12. Bf4 Nf7 13. Nxf7 Bxf7 14. Ne2 Nd7 15.
Qc3 g5 16. e6 Bxe6 17. Qxh8+ Nf8 18. Be5 Qd7 19. Qg7 Qxg7 20. Bxg7 Ng6 21. Nd4
Bd7 22. c4 Kf7 23. Bh6 Bxd4 24. Bxg5 Be6 25. cxd5 cxd5 26. Rfd1 Bxb2 27. Rab1
Be5 28. Bxd5 Bxd5 29. Rxd5 Ke6 30. Rd8 Rxd8 31. Bxd8 b6 32. Rc1 Kd7 33. Rd1+
Kc6 34. Rc1+ Kd7 35. Bg5 Nf4 36. Bxf4 Bxf4 37. Rc4 h6 38. Rxe4 Bg5 39. f4 Bf6
40. f5 h5 41. Kf2 h4 42. Kf3 b5 43. Re6 Bd8 44. Ra6 Bb6 45. Rxb6 axb6 46. Kg4
Ke7 47. Kxh4 Kf6 48. g4 b4 49. Kg3 Kg5 50. Kf3 b5 51. Ke3 Kf6 52. Kd3 Ke5 53.
Kc2 1-0

[Event "K41 Foraars EMT Basis 3 2007"]
[Site "Valby"]
[Date "2007.03.13"]
[Round "1"]
[White "Jorgensen, Rasmus"]
[Black "Kristensen, Steffen Michael"]
[Result "1-0"]
[WhiteElo "1300"]
[BlackElo "1349"]
[PlyCount "59"]
[EventDate "2007.??.??"]

1. e4 e5 2. Nf3 Nc6 3. Bb5 a6 4. Ba4 Bc5 5. c3 Nf6 6. d3 h6 7. O-O O-O 8. h3 d5
9. Bxc6 bxc6 10. Nxe5 dxe4 11. d4 Bd6 12. Nxc6 Qe8 13. Na5 Nd5 14. Nc4 Qe6 15.
Nxd6 cxd6 16. a3 Qg6 17. Kh2 Bb7 18. c4 Nf6 19. d5 Qf5 20. Qd4 Qh5 21. Bf4 Rad8
22. Nc3 Bc8 23. Nxe4 Ng4+ 24. Kg1 Ne5 25. Bxe5 dxe5 26. Qc3 Qf5 27. Rfe1 Rfe8
28. Re3 f6 29. Rae1 Qh7 30. Qa5 1-0

[Event "K41 Foraars EMT Basis 3 2007"]
[Site "Valby"]
[Date "2007.03.13"]
[Round "1"]
[White "Lichtenberg, Ivan"]
[Black "Mikkelsen, Henning"]
[Result "1-0"]
[WhiteElo "1341"]
[BlackElo "1234"]
[PlyCount "89"]
[EventDate "2007.??.??"]

1. e4 e5 2. Nf3 Nf6 3. Nxe5 d6 4. Nf3 Nxe4 5. Bc4 d5 6. Qe2 Be7 7. Bb3 O-O 8.
O-O c6 9. c3 Re8 10. d3 Nf6 11. Bg5 Bg4 12. h3 Bf5 13. Re1 Nbd7 14. Nh4 h6 15.
Bxh6 Bxd3 16. Qxd3 gxh6 17. Nf5 Bf8 18. Nd2 Ne5 19. Qg3+ Ng6 20. Nf3 Nh5 21.
Qg4 Nhf4 22. Ne5 Qg5 23. Qxg5 hxg5 24. Nxg6 Nxg6 25. Bc2 Kh8 26. Kf1 Re5 27.
Rxe5 Nxe5 28. Re1 f6 29. g3 Kg8 30. f4 Nf3 31. Re3 Nd2+ 32. Ke2 Nc4 33. Rf3
Re8+ 34. Kf1 Nd2+ 35. Kf2 Nxf3 36. Kxf3 gxf4 37. g4 Re1 38. Kxf4 Re2 39. Bb3
Rxb2 40. c4 Rf2+ 41. Kg3 dxc4 42. Bxc4+ Kh7 43. Kxf2 Bc5+ 44. Kf3 a5 45. a4 1-0

[Event "K41 Foraars EMT Basis 3 2007"]
[Site "Valby"]
[Date "2007.03.13"]
[Round "1"]
[White "Krogh, Soren"]
[Black "Krull, Carl"]
[Result "1-0"]
[WhiteElo "1210"]
[BlackElo "1330"]
[PlyCount "81"]
[EventDate "2007.??.??"]

1. b3 e5 2. Bb2 Nc6 3. Nf3 e4 4. Nd4 Nf6 5. e3 Bc5 6. Nf5 O-O 7. Nc3 d5 8. Ng3
a6 9. h4 Ne5 10. h5 h6 11. Be2 c6 12. d4 exd3 13. cxd3 Bb4 14. d4 Ned7 15. Qd3
b5 16. Nf5 Nb6 17. g4 Ne4 18. f4 Re8 19. Bf3 Bxf5 20. gxf5 Qf6 21. Bg4 Re7 22.
a3 Bxc3+ 23. Bxc3 Nc8 24. Ra2 Ncd6 25. Rg2 Nxc3 26. Qxc3 Ne4 27. Qc2 Qd6 28. b4
a5 29. bxa5 Rxa5 30. Rhg1 Rxa3 31. Qc1 Qb4+ 32. Kf1 Rc3 33. Qe1 Qc4+ 34. Be2
Ng3+ 35. Qxg3 Rc1+ 36. Kf2 Qxe2+ 37. Kxe2 Rc2+ 38. Kd3 Rxg2 39. Rxg2 f6 40. Ra2
b4 41. Ra8+ 1-0

[Event "K41 Foraars EMT Basis 3 2007"]
[Site "Valby"]
[Date "2007.03.13"]
[Round "1"]
[White "Hansen, Teddy"]
[Black "Gjelstrup, Ole"]
[Result "1-0"]
[WhiteElo "1359"]
[BlackElo "1312"]
[PlyCount "81"]
[EventDate "2007.??.??"]

1. e4 c5 2. Nf3 Nc6 3. d4 cxd4 4. Nxd4 Nf6 5. Nc3 e5 6. Ndb5 d6 7. Nd5 Nxd5 8.
exd5 Ne7 9. c4 Nf5 10. Bd3 Be7 11. O-O O-O 12. Qc2 g6 13. Be3 Nxe3 14. fxe3 Qb6
15. Qf2 f5 16. e4 Qxf2+ 17. Rxf2 Bd7 18. Nc3 Bg5 19. Re1 f4 20. Rff1 Bh4 21.
Rc1 a6 22. Be2 h5 23. a4 Kg7 24. a5 Kh6 25. Ra1 g5 26. Na4 Bxa4 27. Rxa4 g4 28.
Rb4 Rab8 29. Rb6 Rf6 30. c5 dxc5 31. d6 f3 32. Bxa6 f2+ 33. Kh1 Rd8 34. Bxb7
Rfxd6 35. Rxd6+ Rxd6 36. a6 Rb6 37. a7 Rxb7 38. a8=Q Rxb2 39. Qh8+ Kg6 40. Qxe5
Re2 41. g3 1-0

[Event "K41 Foraars EMT Basis 3 2007"]
[Site "Valby"]
[Date "2007.03.27"]
[Round "2"]
[White "Jorgensen, Rasmus"]
[Black "Hansen, Teddy"]
[Result "0-1"]
[WhiteElo "1300"]
[BlackElo "1359"]
[PlyCount "66"]
[EventDate "2007.??.??"]

1. e4 Nf6 2. e5 Nd5 3. d4 d6 4. Nf3 g6 5. c4 Nb6 6. Be2 Bg7 7. Bf4 O-O 8. h4
Bg4 9. h5 Bxh5 10. Ng5 Bxe2 11. Qxe2 dxe5 12. dxe5 Qd4 13. g3 Qxc4 14. Qg4 h5
15. Rxh5 gxh5 16. Qf5 Rd8 17. e6 Rd1+ 18. Kxd1 Qd5+ 19. Qxd5 Nxd5 20. exf7+ Kf8
21. Ne6+ Kxf7 22. Nxg7 Kxg7 23. Be5+ Kf7 24. Nc3 Nc6 25. Nxd5 Nxe5 26. Nxc7
Rd8+ 27. Ke2 Rc8 28. Rc1 Nc6 29. Nb5 Nd4+ 30. Nxd4 Rxc1 31. f4 Rb1 32. b3 Rb2+
33. Kf3 Rxa2 0-1

[Event "K41 Foraars EMT Basis 3 2007"]
[Site "Valby"]
[Date "2007.03.27"]
[Round "2"]
[White "Kristensen, Steffen Michael"]
[Black "Gjelstrup, Ole"]
[Result "0-1"]
[WhiteElo "1349"]
[BlackElo "1312"]
[PlyCount "86"]
[EventDate "2007.??.??"]

1. Nf3 Nf6 2. d4 d5 3. g3 b6 4. Bg2 Bb7 5. O-O e6 6. Bg5 Be7 7. Nbd2 O-O 8. e3
Nbd7 9. c3 h6 10. Bxf6 Nxf6 11. Ne5 c5 12. Ndf3 Rc8 13. Rc1 cxd4 14. exd4 Rc7
15. Qd2 Ne4 16. Qd3 Qe8 17. Nd2 Nd6 18. Rfe1 Qa4 19. b3 Qxa2 20. Ra1 Qb2 21.
Reb1 Qxc3 22. Qxc3 Rxc3 23. Rxa7 Rfc8 24. Raa1 Rc2 25. Nef3 Bf6 26. Bf1 Bxd4
27. Nxd4 Rxd2 28. Nf3 Rdc2 29. Nd4 Rd2 30. Nf3 Rdc2 31. Nd4 R2c3 32. Ne2 R3c7
33. Nd4 e5 34. Nf3 f6 35. Bh3 Ra8 36. Be6+ Kf8 37. Rxa8+ Bxa8 38. Nh4 Ke7 39.
Bg8 d4 40. Ra1 Bb7 41. Ng6+ Ke8 42. f4 e4 43. Be6 e3 0-1

[Event "K41 Foraars EMT Basis 3 2007"]
[Site "Valby"]
[Date "2007.03.27"]
[Round "2"]
[White "Krogh, Soren"]
[Black "Lichtenberg, Ivan"]
[Result "0-1"]
[WhiteElo "1210"]
[BlackElo "1341"]
[PlyCount "86"]
[EventDate "2007.??.??"]

1. d4 Nf6 2. Bg5 e6 3. e4 Be7 4. Nc3 d5 5. e5 Nfd7 6. Be3 c5 7. Nf3 Nc6 8. Bb5
Qc7 9. Bxc6 Qxc6 10. O-O a6 11. a4 cxd4 12. Bxd4 O-O 13. Re1 b6 14. Qd2 Bb7 15.
Qf4 Rac8 16. Rac1 f6 17. Qg3 fxe5 18. Nxe5 Nxe5 19. Bxe5 Bf6 20. h4 Rce8 21. b3
Bxe5 22. Rxe5 Rf6 23. h5 Rc8 24. Nd1 d4 25. Nb2 Qe8 26. Nd3 Rc3 27. Rg5 Qe7 28.
b4 Be4 29. Qe5 Bxd3 30. Qxd4 Rxc2 31. Rxc2 Bxc2 32. Qxb6 Bxa4 33. Qxa6 Qxb4 34.
Qc8+ Qf8 35. Qc3 Qe7 36. Ra5 Be8 37. Ra8 Rf8 38. g4 Qb7 39. Ra5 Bc6 40. Qd4
Qb1+ 41. Kh2 Qh1+ 42. Kg3 Qg2+ 43. Kh4 Qh2+ 0-1

[Event "K41 Foraars EMT Basis 3 2007"]
[Site "Valby"]
[Date "2007.03.27"]
[Round "2"]
[White "Meldal, Peter"]
[Black "Nielsen, Jorgen Kamp"]
[Result "1-0"]
[WhiteElo "1148"]
[BlackElo "1321"]
[PlyCount "94"]
[EventDate "2007.??.??"]

1. e4 c5 2. Nf3 d6 3. d4 cxd4 4. Nxd4 Nc6 5. c3 Nf6 6. Bd3 Ne5 7. Bb5+ Bd7 8.
Bxd7+ Qxd7 9. f3 d5 10. Bf4 Ng6 11. Bg5 dxe4 12. Bxf6 gxf6 13. O-O e5 14. Nb3
Qxd1 15. Rxd1 e3 16. Kf1 Nf4 17. Kg1 Rd8 18. Rxd8+ Kxd8 19. g3 Nd3 20. Na3 Nxb2
21. Nc2 Nc4 22. Rd1+ Kc7 23. Rd5 b6 24. Kf1 Bh6 25. Ke2 Rd8 26. Nb4 Rxd5 27.
Nxd5+ Kc6 28. Nxf6 Kb5 29. Nxh7 f5 30. Nf6 Bg7 31. Nd5 Kc6 32. Ne7+ Kd7 33.
Nxf5 Bh8 34. Nxe3 Nxe3 35. Kxe3 e4 36. Nd4 exf3 37. Kxf3 Ke8 38. h3 Kf7 39. g4
Be5 40. Ke4 Bg3 41. c4 Ke8 42. Nb5 a5 43. Kd5 Kd7 44. a4 Bf2 45. Nc3 Bh4 46.
Ne4 Be1 47. g5 Bb4 1-0

[Event "K41 Foraars EMT Basis 3 2007"]
[Site "Valby"]
[Date "2007.03.27"]
[Round "2"]
[White "Krull, Carl"]
[Black "Mikkelsen, Henning"]
[Result "1-0"]
[WhiteElo "1330"]
[BlackElo "1234"]
[PlyCount "127"]
[EventDate "2007.??.??"]

1. e4 e5 2. Nf3 Nf6 3. Nc3 d6 4. Bc4 Bg4 5. d3 h6 6. h3 Bh5 7. a3 Nbd7 8. Be3
c6 9. Ba2 Qc7 10. d4 Be7 11. Qd3 Bxf3 12. gxf3 O-O-O 13. Bxf7 Kb8 14. d5 Nc5
15. Qe2 cxd5 16. Bxd5 Nxd5 17. Nxd5 Qd7 18. Bxc5 dxc5 19. O-O-O Bg5+ 20. Kb1
Qa4 21. Rd3 Rhf8 22. h4 Bf4 23. h5 Bg5 24. Rh3 Rd6 25. Nc3 Qa6 26. Rxd6 Qxd6
27. Nd5 Rc8 28. c4 Rc6 29. Rh1 Ra6 30. Rd1 Qc6 31. Qd3 Qe8 32. Rh1 Rc6 33. Qc3
Qe6 34. Kc2 a6 35. Qa5 Qe8 36. Qc3 Ka7 37. Kd3 g6 38. hxg6 Rxg6 39. b4 Rc6 40.
a4 cxb4 41. Qxb4 Qd7 42. Ke2 Qd6 43. Qxd6 Rxd6 44. Rg1 Rc6 45. Kd3 Rc5 46. Rg4
b5 47. axb5 axb5 48. cxb5 Rxb5 49. f4 exf4 50. Nxf4 Rb3+ 51. Ke2 Kb7 52. Nd3
Kc7 53. f4 Be7 54. Rg7 Kd8 55. Rh7 Bf8 56. Ke3 Ke8 57. e5 Rb1 58. Ke4 Rh1 59.
f5 Rh4+ 60. Kd5 Rg4 61. f6 Rg5 62. Ke6 Kd8 63. Rh8 Rxe5+ 64. Nxe5 1-0

[Event "K41 Foraars EMT Basis 3 2007"]
[Site "Valby"]
[Date "2007.03.27"]
[Round "2"]
[White "Foss, Kim"]
[Black "Eiholt, Bjarne"]
[Result "0-1"]
[WhiteElo "1469"]
[BlackElo "1327"]
[PlyCount "137"]
[EventDate "2007.??.??"]

1. b4 c6 2. Bb2 Qb6 3. a3 a5 4. c3 d5 5. d4 Nf6 6. Nf3 Bg4 7. Ne5 Bh5 8. Nd2 e6
9. Qc2 Nbd7 10. Nxd7 Nxd7 11. e3 Bd6 12. Bd3 Nf6 13. e4 dxe4 14. Nxe4 Nxe4 15.
Bxe4 Qc7 16. g3 Qe7 17. O-O O-O 18. Bxh7+ Kh8 19. Be4 f5 20. Bg2 f4 21. Rae1
Bg4 22. Qg6 Bf5 23. Qh5+ Kg8 24. Qe2 Qg5 25. Be4 Bh3 26. Bg2 Bxg2 27. Qxe6+ Kh8
28. Kxg2 Rf6 29. Qe4 Qh5 30. h4 Rg6 31. Qf3 Qxf3+ 32. Kxf3 fxg3 33. fxg3 Rxg3+
34. Ke4 Re8+ 35. Kf5 Rf8+ 36. Ke6 Rg6+ 37. Kd7 Rxf1 38. Rxf1 Bg3 39. Rg1 Kh7
40. h5 Rg5 41. Bc1 Rd5+ 42. Ke6 Bh4 43. bxa5 Rxa5 44. Rh1 Bg3 45. h6 g5 46. Kd7
Bf4 47. Bxf4 gxf4 48. Rh4 Rf5 49. Kc7 f3 50. Rh1 Rf7+ 51. Kb6 f2 52. Rf1 Kxh6
53. Kc5 Kg5 54. Kc4 Kg4 55. Kd3 Kg3 56. Ke2 Re7+ 57. Kd1 Kg2 58. Rxf2+ Kxf2 59.
Kd2 Re2+ 60. Kd3 Ra2 61. Kc4 Rxa3 62. Kb4 Ra1 63. Kc5 Ke3 64. c4 Rb1 65. d5
cxd5 66. Kxd5 Rd1+ 67. Kc5 Ke4 68. Kb6 Rc1 69. c5 0-1

[Event "K41 Foraars EMT Basis 3 2007"]
[Site "Valby"]
[Date "2007.04.17"]
[Round "3"]
[White "Lichtenberg, Ivan"]
[Black "Krull, Carl"]
[Result "0-1"]
[WhiteElo "1341"]
[BlackElo "1330"]
[PlyCount "92"]
[EventDate "2007.??.??"]

1. e4 e5 2. Nf3 Nc6 3. Bb5 a6 4. Ba4 Bc5 5. c3 d6 6. O-O Bg4 7. h3 Bh5 8. d3 b5
9. Bc2 Bb6 10. Nbd2 Nge7 11. Qe1 Qd7 12. Bd1 f6 13. Nxe5 Nxe5 14. Bxh5+ g6 15.
Be2 f5 16. d4 Nf7 17. Bd3 O-O-O 18. Nf3 h6 19. c4 g5 20. cxb5 axb5 21. exf5
Nxf5 22. Qe4 c6 23. Qxf5 Rdg8 24. Qxd7+ Kxd7 25. Bf5+ Kc7 26. Be3 h5 27. Rac1
g4 28. hxg4 hxg4 29. Nh2 d5 30. Bxg4 Rxh2 31. Kxh2 Rxg4 32. Rfe1 Kd7 33. f3
Bc7+ 34. f4 Bxf4+ 35. Bxf4 Rxf4 36. Rf1 Rh4+ 37. Kg3 Rh7 38. Rf6 Nd6 39. Rc2
Ne4+ 40. Kf4 Nxf6 41. Ke5 Ng4+ 42. Kf4 Rg7 43. g3 Kd6 44. a3 Nh6 45. Rf2 Rf7+
46. Ke3 Ng4+ 0-1

[Event "K41 Foraars EMT Basis 3 2007"]
[Site "Valby"]
[Date "2007.04.17"]
[Round "3"]
[White "Mikkelsen, Henning"]
[Black "Kristensen, Steffen Michael"]
[Result "0-1"]
[WhiteElo "1234"]
[BlackElo "1349"]
[PlyCount "68"]
[EventDate "2007.??.??"]

1. d4 Nf6 2. a3 g6 3. Nc3 Bg7 4. e4 d6 5. Bc4 O-O 6. Nge2 c6 7. Bg5 Nbd7 8. O-O
e5 9. a4 exd4 10. Nxd4 a5 11. Kh1 Qb6 12. Rb1 Qc5 13. Ba2 Qxg5 14. f4 Qh5 15.
Qe1 Ng4 16. Nf3 Bd4 17. Ne2 Bg7 18. b4 axb4 19. Rxb4 Ne3 20. Ng3 Qc5 21. Ng5
Nxf1 22. Nxf1 Bc3 23. Qh4 h5 24. Rc4 Qa5 25. f5 Bf6 26. g4 Bxg5 27. Qxg5 Qe1
28. Kg1 Ne5 29. Rc3 Qxc3 30. Qh6 Qd4+ 31. Kg2 Nxg4 32. Qxg6+ Kh8 33. Qxh5+ Kg8
34. Qxg4+ Qg7 0-1

[Event "K41 Foraars EMT Basis 3 2007"]
[Site "Valby"]
[Date "2007.04.17"]
[Round "3"]
[White "Hansen, Teddy"]
[Black "Meldal, Peter"]
[Result "1-0"]
[WhiteElo "1359"]
[BlackElo "1148"]
[PlyCount "45"]
[EventDate "2007.??.??"]

1. e4 e6 2. d4 d5 3. Nc3 Bb4 4. e5 c5 5. a3 Bxc3+ 6. bxc3 Ne7 7. Qg4 O-O 8. h4
g6 9. Bh6 Re8 10. h5 Nf5 11. hxg6 fxg6 12. Bg5 Qc7 13. Bb5 Nc6 14. Qh3 cxd4 15.
g4 dxc3 16. gxf5 Qxe5+ 17. Ne2 Qc7 18. fxg6 Re7 19. Bd3 Rg7 20. gxh7+ Kh8 21.
Bf6 e5 22. Qh6 e4 23. Rg1 1-0

[Event "K41 Foraars EMT Basis 3 2007"]
[Site "Valby"]
[Date "2007.04.17"]
[Round "3"]
[White "Gjelstrup, Ole"]
[Black "Foss, Kim"]
[Result "1/2-1/2"]
[WhiteElo "1312"]
[BlackElo "1469"]
[PlyCount "59"]
[EventDate "2007.??.??"]

1. d4 d5 2. Nf3 Nc6 3. b3 Bf5 4. e3 Nf6 5. Bd3 Bxd3 6. Qxd3 e6 7. O-O Be7 8.
Nbd2 O-O 9. Bb2 a6 10. c4 Nb4 11. Qe2 c5 12. a3 Nc6 13. Rae1 cxd4 14. exd4 Qc7
15. Ne5 Rad8 16. Ndf3 Nxe5 17. Nxe5 Rfe8 18. f4 Ne4 19. f5 exf5 20. Rxf5 Nf6
21. Qf3 dxc4 22. bxc4 Qb6 23. Qf2 Qb3 24. Rf1 Bxa3 25. Bxa3 Qxa3 26. Rxf6 gxf6
27. Nxf7 Kxf7 28. Qxf6+ Kg8 29. Qf7+ Kh8 30. Qf6+ 1/2-1/2

[Event "K41 Foraars EMT Basis 3 2007"]
[Site "Valby"]
[Date "2007.04.17"]
[Round "3"]
[White "Eiholt, Bjarne"]
[Black "Jorgensen, Rasmus"]
[Result "0-1"]
[WhiteElo "1327"]
[BlackElo "1300"]
[PlyCount "125"]
[EventDate "2007.??.??"]

1. d4 Nf6 2. c4 g6 3. Nc3 Bg7 4. Bf4 d6 5. h3 O-O 6. Nf3 c6 7. e3 a5 8. Be2 Na6
9. O-O Nd7 10. Rc1 e5 11. Bh2 f5 12. a3 Qe7 13. Re1 e4 14. Nd2 Nf6 15. Rb1 Kh8
16. b4 axb4 17. axb4 g5 18. c5 Ne8 19. Na4 Be6 20. Nb6 Rd8 21. Ndc4 d5 22. Ne5
Nac7 23. Qa4 f4 24. exf4 gxf4 25. Bg4 Bxg4 26. hxg4 Bxe5 27. dxe5 Qh4 28. Qd1
f3 29. gxf3 exf3 30. Kh1 Qxg4 31. Rg1 Qh4 32. Rg3 Ne6 33. Rxf3 Qe4 34. Rbb3
N8c7 35. Rbe3 Qxb4 36. Rxf8+ Rxf8 37. Nd7 Rxf2 38. Qg1 Qh4 39. Nf6 Ng7 40. Ng4
Ra2 41. Qb1 Ra4 42. Nf6 Qh6 43. Rg3 Rh4 44. Qg1 Rc4 45. Ng4 Qc1 46. Qxc1 Rxc1+
47. Kg2 Rxc5 48. Rh3 Nce6 49. Nf6 Rc2+ 50. Kf1 Ng5 51. Rh5 N7e6 52. Bf4 Nxf4
53. Rxg5 Ng6 54. Rh5 Kg7 55. Rxh7+ Kf8 56. Rxb7 Nxe5 57. Nh7+ Ke8 58. Nf6+ Kd8
59. Ra7 Rb2 60. Ra8+ Ke7 61. Ng8+ Kf7 62. Nh6+ Kg6 63. Ng8 0-1

[Event "K41 Foraars EMT Basis 3 2007"]
[Site "Valby"]
[Date "2007.04.21"]
[Round "3"]
[White "Nielsen, Jorgen Kamp"]
[Black "Krogh, Soren"]
[Result "1-0"]
[WhiteElo "1321"]
[BlackElo "1210"]
[PlyCount "43"]
[EventDate "2007.??.??"]

1. e4 e6 2. d4 d5 3. e5 c5 4. c3 Nc6 5. f4 Bd7 6. Be3 cxd4 7. cxd4 Qb6 8. b3
Bb4+ 9. Kf2 f6 10. a3 fxe5 11. axb4 exd4 12. Bd2 Nf6 13. g3 d3+ 14. Kg2 Qd4 15.
Bc3 Qe4+ 16. Qf3 d4 17. Bd2 Qg6 18. Bxd3 Qf7 19. Ne2 e5 20. b5 exf4 21. Nxf4
Nd8 22. Bc4 1-0

[Event "K41 Foraars EMT Basis 3 2007"]
[Site "Valby"]
[Date "2007.04.24"]
[Round "4"]
[White "Krull, Carl"]
[Black "Nielsen, Jorgen Kamp"]
[Result "1-0"]
[WhiteElo "1330"]
[BlackElo "1321"]
[PlyCount "71"]
[EventDate "2007.??.??"]

1. e4 c5 2. Nf3 d6 3. d4 cxd4 4. Qxd4 a6 5. Nc3 Nc6 6. Qe3 Nf6 7. Bd3 Ng4 8.
Qe2 e6 9. b3 Be7 10. Bb2 Bf6 11. Nd2 h5 12. h3 Nd4 13. Qf1 Ne5 14. O-O-O g5 15.
f4 gxf4 16. Qxf4 Bd7 17. Kb1 Rc8 18. Nc4 Nxc4 19. Bxc4 Rxc4 20. bxc4 Be5 21.
Qe3 Nc6 22. g4 Qa5 23. gxh5 b5 24. cxb5 axb5 25. Ne2 Bxb2 26. Kxb2 Qb4+ 27. Qb3
Qxe4 28. Qxb5 Ke7 29. Qg5+ Kf8 30. Qg4 Qe5+ 31. Nc3 Rxh5 32. Rhg1 Ke7 33. Rdf1
Qc5 34. Rg3 Qb6+ 35. Kc1 Rc5 36. Qh4+ 1-0

[Event "K41 Foraars EMT Basis 3 2007"]
[Site "Valby"]
[Date "2007.04.24"]
[Round "4"]
[White "Gjelstrup, Ole"]
[Black "Eiholt, Bjarne"]
[Result "1/2-1/2"]
[WhiteElo "1312"]
[BlackElo "1327"]
[PlyCount "51"]
[EventDate "2007.??.??"]

1. d4 d5 2. Nf3 Nf6 3. e3 c6 4. Bd3 Bg4 5. Nbd2 e6 6. O-O Bd6 7. b3 O-O 8. Bb2
Qc7 9. h3 Bh5 10. c4 Nbd7 11. e4 dxe4 12. Nxe4 Nxe4 13. Bxe4 Nf6 14. Re1 Nxe4
15. Rxe4 Rad8 16. Qe1 Bxf3 17. gxf3 Qd7 18. Qe3 b6 19. Re1 e5 20. dxe5 Bc5 21.
e6 fxe6 22. Qc3 e5 23. Rxe5 Bd4 24. Qxd4 Qxd4 25. Bxd4 Rxd4 26. Kg2 1/2-1/2

[Event "K41 Foraars EMT Basis 3 2007"]
[Site "Valby"]
[Date "2007.04.24"]
[Round "4"]
[White "Kristensen, Steffen Michael"]
[Black "Krogh, Soren"]
[Result "1-0"]
[WhiteElo "1349"]
[BlackElo "1210"]
[PlyCount "101"]
[EventDate "2007.??.??"]

1. c4 b6 2. d4 e6 3. e4 Bb7 4. f3 f5 5. Bd3 fxe4 6. fxe4 Bxe4 7. Qh5+ g6 8. Qe2
Bb7 9. Nf3 Na6 10. O-O Qf6 11. Nc3 Be7 12. Ne5 Qh4 13. Qf2 Qxf2+ 14. Rxf2 Bf6
15. Ne4 Bxe5 16. dxe5 O-O-O 17. Bg5 Re8 18. Raf1 Bxe4 19. Bxe4 Nc5 20. Bc2 Ne7
21. b4 Na6 22. a3 Nf5 23. Bxf5 gxf5 24. Rd2 Rhg8 25. Bf6 Rg6 26. Rfd1 Nb8 27.
Bh4 f4 28. Rf1 Rg4 29. Bf6 h5 30. Rd4 Reg8 31. Rf2 h4 32. Rdxf4 Rxf4 33. Rxf4
h3 34. g3 Nc6 35. Rh4 Rf8 36. Rxh3 d6 37. Rh8 Rxh8 38. Bxh8 dxe5 39. Kf2 Kd7
40. Ke3 Ke7 41. Ke4 Kf7 42. Bxe5 Ne7 43. Bxc7 Kf6 44. Bd8 Kf7 45. Bxe7 Kxe7 46.
Ke5 Kf7 47. h4 Kg6 48. c5 Kf7 49. c6 Ke7 50. h5 a5 51. h6 1-0

[Event "K41 Foraars EMT Basis 3 2007"]
[Site "Valby"]
[Date "2007.04.24"]
[Round "4"]
[White "Foss, Kim"]
[Black "Mikkelsen, Henning"]
[Result "1-0"]
[WhiteElo "1469"]
[BlackElo "1234"]
[PlyCount "59"]
[EventDate "2007.??.??"]

1. b4 e5 2. Bb2 Nc6 3. b5 Nd4 4. e3 Ne6 5. Bxe5 b6 6. Nf3 Bb7 7. Be2 f6 8. Bb2
Ne7 9. O-O Ng6 10. c4 Bd6 11. d4 Qe7 12. Nbd2 Qf7 13. Qc2 O-O-O 14. a4 h5 15.
Bd3 Ne7 16. a5 g5 17. axb6 axb6 18. Be4 c6 19. bxc6 dxc6 20. d5 Nc5 21. dxc6
Nxc6 22. Bf5+ Kc7 23. Nd4 Nxd4 24. exd4 Ne6 25. Rfe1 Ng7 26. c5 bxc5 27. dxc5
Be5 28. Bxe5+ fxe5 29. Rxe5 Qf6 30. Nc4 1-0

[Event "K41 Foraars EMT Basis 3 2007"]
[Site "Valby"]
[Date "2007.04.24"]
[Round "4"]
[White "Lichtenberg, Ivan"]
[Black "Hansen, Teddy"]
[Result "0-1"]
[WhiteElo "1341"]
[BlackElo "1359"]
[PlyCount "86"]
[EventDate "2007.??.??"]

1. e4 Nf6 2. Nc3 d5 3. exd5 Nxd5 4. Qf3 Nf6 5. Bc4 Nc6 6. Qe2 Bf5 7. d3 e6 8.
a3 Nd4 9. Qd2 Bd6 10. Nge2 c5 11. O-O Bxh2+ 12. Kxh2 Ng4+ 13. Kg3 h5 14. Nxd4
h4+ 15. Kh3 Nxf2+ 16. Kh2 Ng4+ 17. Kg1 Qxd4+ 18. Rf2 h3 19. Bb5+ Kf8 20. gxh3
Rxh3 21. Qf4 Qxf2+ 22. Qxf2 Nxf2 23. Kxf2 Ke7 24. Bf4 Rah8 25. Rg1 R8h7 26. Ne4
Bxe4 27. dxe4 Rh1 28. Bd3 Rxg1 29. Kxg1 f6 30. Be3 b6 31. b4 cxb4 32. axb4 Rh8
33. c4 Rh3 34. Kf2 Rh2+ 35. Ke1 Kd7 36. c5 Rh1+ 37. Kd2 Kc6 38. cxb6 axb6 39.
Kc3 b5 40. Be2 Rh3 41. Kd2 f5 42. exf5 exf5 43. Ke1 Rxe3 0-1

[Event "K41 Foraars EMT Basis 3 2007"]
[Site "Valby"]
[Date "2007.04.24"]
[Round "4"]
[White "Meldal, Peter"]
[Black "Jorgensen, Rasmus"]
[Result "0-1"]
[WhiteElo "1148"]
[BlackElo "1300"]
[PlyCount "60"]
[EventDate "2007.??.??"]

1. e4 c5 2. Nf3 d6 3. d4 cxd4 4. Nxd4 Nf6 5. Nc3 a6 6. Bg5 e6 7. Be2 Be7 8. O-O
b5 9. Bf3 Ra7 10. a3 Rc7 11. Qe2 Nbd7 12. Na2 Ne5 13. Nb4 Nxf3+ 14. Qxf3 Bb7
15. Rfe1 Qa8 16. Qg3 Nxe4 17. Rxe4 Bxe4 18. f3 Bg6 19. Bxe7 Kxe7 20. c3 Rhc8
21. h4 Rc5 22. Rd1 Qa7 23. Nd3 Bxd3 24. Rxd3 Kf8 25. Qxd6+ Kg8 26. Kh1 Rd5 27.
Qg3 Qc7 28. Qg4 h5 29. Qe4 Re5 30. Nxe6 Rxe6 0-1

[Event "K41 Foraars EMT Basis 3 2007"]
[Site "Valby"]
[Date "2007.05.01"]
[Round "5"]
[White "Mikkelsen, Henning"]
[Black "Eiholt, Bjarne"]
[Result "0-1"]
[WhiteElo "1234"]
[BlackElo "1327"]
[PlyCount "50"]
[EventDate "2007.??.??"]

1. d4 d5 2. e4 c6 3. Nc3 dxe4 4. f3 e5 5. dxe5 Qxd1+ 6. Nxd1 Be6 7. Nc3 Bb4 8.
Bd2 Ne7 9. Nxe4 Bxd2+ 10. Nxd2 O-O 11. b3 Nd7 12. f4 Nd5 13. O-O-O Nc3 14. Re1
Nxa2+ 15. Kb2 Nb4 16. h4 a5 17. c3 Nd5 18. Nh3 a4 19. Ng5 a3+ 20. Kc2 a2 21.
Bd3 g6 22. Nxe6 fxe6 23. g3 Nc5 24. Ra1 Ne3+ 25. Kc1 Nxd3# 0-1

[Event "K41 Foraars EMT Basis 3 2007"]
[Site "Valby"]
[Date "2007.05.01"]
[Round "5"]
[White "Jorgensen, Rasmus"]
[Black "Gjelstrup, Ole"]
[Result "1-0"]
[WhiteElo "1300"]
[BlackElo "1312"]
[PlyCount "57"]
[EventDate "2007.??.??"]

1. e4 e5 2. Nf3 d6 3. d4 Bg4 4. Bc4 exd4 5. Qxd4 Nc6 6. Qc3 Bxf3 7. Qxf3 Ne5 8.
Qe2 Nxc4 9. Qxc4 Nf6 10. Nc3 Qd7 11. f3 Be7 12. Be3 a6 13. O-O-O b5 14. Qe2 Qe6
15. Nd5 Rc8 16. Nxe7 Kxe7 17. Kb1 Rhd8 18. Rhe1 Kf8 19. Bg5 Re8 20. Bxf6 Qxf6
21. Rd3 c6 22. Qd2 Qd8 23. Rxd6 Qc7 24. Rd1 Ra8 25. g3 c5 26. Qd5 Ra7 27. Rc6
Re5 28. Rxc7 Rxd5 29. Rc8+ 1-0

[Event "K41 Foraars EMT Basis 3 2007"]
[Site "Valby"]
[Date "2007.05.01"]
[Round "5"]
[White "Krogh, Soren"]
[Black "Foss, Kim"]
[Result "0-1"]
[WhiteElo "1210"]
[BlackElo "1469"]
[PlyCount "94"]
[EventDate "2007.??.??"]

1. d4 c5 2. d5 e6 3. c4 exd5 4. cxd5 d6 5. Nc3 Nf6 6. e4 g6 7. f4 Nbd7 8. Nf3
Bg7 9. Bd3 O-O 10. O-O Re8 11. a4 a6 12. Ra3 Qc7 13. Re1 c4 14. Bb1 Ng4 15. Kf1
Nc5 16. h3 Nf6 17. g4 Rb8 18. Qd2 b5 19. axb5 axb5 20. Nd1 Nfxe4 21. Bxe4 Nxe4
22. Qb4 Ng3+ 23. Kf2 Rxe1 24. Kxe1 Qe7+ 25. Re3 Qd7 26. Nf2 Bb7 27. Ng1 Re8 28.
Rxe8+ Qxe8+ 29. Kd1 Bd4 30. Qe1 Qxe1+ 31. Kxe1 Bxd5 32. Ne2 Nxe2 33. Kxe2 Bg2
34. h4 Bc6 35. Nd1 d5 36. Nc3 Bg7 37. Bd2 d4 38. Nd1 Bd7 39. Nf2 d3+ 40. Ke3
Bxb2 41. Nd1 Bxg4 42. Nc3 Bd7 43. Nd5 Kg7 44. Bc3+ Bxc3 45. Nxc3 Kh6 46. Kf3
Kh5 47. Kg3 b4 0-1